=LDR 00000nam 2200000 4500 =001 INLIS000000000031948 =005 20130612134003 =008 ***********************************ind** =035 ##$$0010-061300000031948 =041 ##$$a ind =082 ##$$a 372.3 =090 ##$$a 372.3, Ers e =245 ##$$a Ensiklopedi Percobaan Sains, Percobaan Dengan Udara, Editor,Aprio Rabadi,Sucipto,Ade Rully Firmansyah =260 ##$$a 2008 $b Jakarta =300 ##$$a 32 hlm, Ilus, 28 cm =650 ##$$a Pendidikan Dasar-Sains =700 ##$$a Rabadi, Apno =850 ##$$a NBPNMAT